Financial Planning, Demystified (Record no. 2159)

MARC details
005 - DATE AND TIME OF LATEST TRANSACTION
control field 20250508090842.0
020 ## - INTERNATIONAL STANDARD BOOK NUMBER
International Standard Book Number 0-07-147671-7
082 ## - DEWEY DECIMAL CLASSIFICATION NUMBER
Classification number LECT 332.6 LIM
100 ## - MAIN ENTRY--PERSONAL NAME
Author name LIM, P. J
245 ## - TITLE STATEMENT
Title Financial Planning, Demystified
260 ## - PUBLICATION, DISTRIBUTION, ETC.
Place of publication, distribution, etc. London,
Name of publisher, distributor, etc. McGraw-Hill,
Date of publication, distribution, etc. 2007.
300 ## - PHYSICAL DESCRIPTION
Extent xi, 304p.: ill.; charts, figures, graphs, picture, tables
Other physical details index,
Dimensions 23cm,
942 ## - ADDED ENTRY ELEMENTS (KOHA)
Source of classification or shelving scheme Dewey Decimal Classification
Koha item type Books
Holdings
Date last seen Total checkouts Full call number Barcode Cost, replacement price Price effective from Koha item type Lost status Source of classification or shelving scheme Damaged status Not for loan Withdrawn status Home library Current library Shelving location Date acquired Cost, normal purchase price
05/08/2025   LECT 332.6 LIM 0000008395 105000.00 05/08/2025 Books   Dewey Decimal Classification       College of Business Education Main Library College of Business Education Main Library General Collection 05/08/2025 35000.00
05/08/2025   LECT 332.6 LIM 0000008396 105000.00 05/08/2025 Books   Dewey Decimal Classification       College of Business Education Main Library College of Business Education Main Library General Collection 05/08/2025 35000.00
05/08/2025   LECT 332.6 LIM 0000008397 105000.00 05/08/2025 Books   Dewey Decimal Classification       College of Business Education Main Library College of Business Education Main Library General Collection 05/08/2025 35000.00